| 000 | 01733nam a2200433 i 4500 | ||
|---|---|---|---|
| 001 | DIGBOSQUE0077 | ||
| 003 | NyNyDIG | ||
| 007 | cr ||||||||||| | ||
| 008 | 231011s2022 ck a ob 001 0 spa d | ||
| 006 | m o d | ||
| 035 | _a(OCoLC)1390920940 | ||
| 040 |
_aDGITA _beng _erda _epn _cDGITA |
||
| 020 |
_a9789587393330 _q(digital e-book) |
||
| 020 |
_a9789587393347 _q(Digital pdf) |
||
| 020 |
_z9789587393323 _q(impreso) |
||
| 043 | _as-ck--- | ||
| 050 | 1 | 4 | _aHV6080 ebook |
| 245 | 0 | 0 |
_aPsicología criminológica aplicada / _cErvyn Norza Céspedes, Nancy Vargas Espinosa (comps.). |
| 250 | _aPrimera edición. | ||
| 264 | 1 |
_aBogotá D.C., Colombia : _bEditorial Universidad El Bosque, _c[2022] |
|
| 300 |
_a1 online resource : _billustrations. |
||
| 336 |
_atext _btxt _2rdacontent |
||
| 337 |
_acomputer _bc _2rdamedia |
||
| 338 |
_aonline resource _bcr _2rdacarrier |
||
| 347 |
_atext file _2rdaft |
||
| 347 | _bPDF | ||
| 504 | _aIncludes bibliographical references and index. | ||
| 588 | 0 | _aOnline resource; title from PDF title page (Digitalia, viewed October 11, 2023) | |
| 650 | 0 |
_aCriminal psychology _zColombia. |
|
| 650 | 0 |
_aCriminal investigation _xPsychological aspects. |
|
| 700 | 1 |
_aNorza Céspedes, Ervyn, _eeditor. |
|
| 700 | 1 |
_aVargas Espinosa, Nancy M., _eeditor. |
|
| 791 | 2 |
_aDigitalia (Firm), _edistributor. |
|
| 793 | 0 |
_gDigitalia eBook Collection: _aUniversidad El Bosque |
|
| 776 | 0 | 8 |
_iPrint version: _tPsicología criminológica aplicada. _bPrimera edición. _dBogotá D.C., Colombia : Editorial Universidad El Bosque, [2022] _z9789587393323 |
| 856 | 4 | 0 |
_3Digitalia Hispánica _uhttps://www.digitaliapublishing.com/a/129264/ |
| 910 | _aPremium collection: 2023 | ||
| 942 | _cRAA | ||
| 999 |
_c280179 _d280179 |
||